| Tag |
First Indicator |
Second Indicator |
Subfields |
| LEADER |
00000cam a2200000Ii 4500 |
| 001 |
in00003716821 |
| 006 |
m o d |
| 007 |
cr cnu|||unuuu |
| 008 |
160602s2016 sz a o 000 0 eng d |
| 005 |
20250816205920.1 |
| 020 |
|
|
|a 9783319292915
|q (electronic bk.)
|
| 020 |
|
|
|a 3319292919
|q (electronic bk.)
|
| 020 |
|
|
|z 9783319292892
|q (print)
|
| 024 |
8 |
|
|a 99968261880
|
| 035 |
|
|
|a (NhCcYBP)ebr11217558
|
| 040 |
|
|
|a NhCcYBP
|c NhCcYBP
|d UtOrBLW
|
| 050 |
|
4 |
|a TA418.45
|b .M53 2016
|
| 072 |
|
7 |
|a TEC
|x 009000
|2 bisacsh
|
| 072 |
|
7 |
|a TEC
|x 035000
|2 bisacsh
|
| 082 |
0 |
4 |
|a 620.1/12
|2 23
|
| 245 |
0 |
0 |
|a Microstructure-property correlations for hard, superhard, and ultrahard materials /
|c Valentine Kanyanta, editor.
|
| 264 |
|
1 |
|a Switzerland :
|b Springer,
|c [2016]
|
| 300 |
|
|
|a 1 online resource.
|
| 336 |
|
|
|a text
|b txt
|2 rdacontent
|
| 337 |
|
|
|a computer
|b c
|2 rdamedia
|
| 338 |
|
|
|a online resource
|b cr
|2 rdacarrier
|
| 588 |
0 |
|
|a Online resource; title from PDF title page (SpringerLink, viewed June 15, 2016).
|
| 500 |
|
|
|a Electronic resource.
|
| 650 |
|
0 |
|a Hard materials
|x Microstructure.
|
| 655 |
|
7 |
|a Electronic books.
|2 local
|
| 700 |
1 |
|
|a Kanyanta, Valentine,
|e editor.
|
| 710 |
2 |
|
|a ebrary, Inc.
|0 http://id.loc.gov/authorities/names/no2007088509
|
| 856 |
4 |
1 |
|u https://ebookcentral.proquest.com/lib/tamucs/detail.action?docID=4537032
|y Connect to the full text of this electronic book
|t 0
|
| 945 |
|
|
|a machinegen
|
| 955 |
|
|
|a YBP purchased firm e-records
|
| 980 |
|
|
|b 179.00
|g 1
|
| 987 |
|
|
|a ybp13013419
|
| 999 |
f |
f |
|s b491a5c3-aa0b-3c41-9491-f445ba271fee
|i ae874120-7199-3bdd-857e-233dcd270b67
|t 0
|
| 952 |
f |
f |
|a Texas A&M University
|b College Station
|c Electronic Resources
|d Available Online
|t 0
|e TA418.45 .M53 2016
|h Library of Congress classification
|
| 998 |
f |
f |
|a TA418.45 .M53 2016
|t 0
|l Available Online
|